Statistics for Pure Grass Type Pokémon

Click here to take the quiz!

General Stats

  • This quiz has been taken 64 times
    (6 since last reset)
  • The average score is 48 of 49

Answer Stats

RegionNumberAnswer% Correct
0153Bayleef
100%
0182Bellossom
100%
0761Bounsweet
100%
0331Cacnea
100%
0455Carnivine
100%
0421Cherrim (Overcast Form)
100%
0421Cherrim (Sunshine Form)
100%
0420Cherubi
100%
Kalos0650Chespin
100%
Johto0152Chikorita
100%
0830Eldegoss
100%
0907Floragato
100%
Alola0753Fomantis
100%
0812Gigantamax Rillaboom
100%
0673Gogoat
100%
0829Gossifleur
100%
Galar0810Grookey
100%
0388Grotle
100%
0253Grovyle
100%
0470Leafeon
100%
0549Lilligant
100%
0754Lurantis
100%
0556Maractus
100%
0154Meganium
100%
Kitakami1017Ogerpon (Teal Mask)
100%
0511Pansage
100%
0548Petilil
100%
0651Quilladin
100%
0812Rillaboom
100%
0254Sceptile
100%
0497Serperior
100%
0496Servine
100%
0492Shaymin (Land Forme)
100%
0512Simisage
100%
0672Skiddo
100%
Unova0495Snivy
100%
Paldea0906Sprigatito
100%
0762Steenee
100%
0192Sunflora
100%
0191Sunkern
100%
Kanto0114Tangela
100%
0465Tangrowth
100%
0811Thwackey
100%
Hoenn0252Treecko
100%
0763Tsareena
100%
Sinnoh0387Turtwig
100%
0273Seedot
83%
0285Shroomish
83%
0951Capsakid
67%

Score Distribution

Percentile by Number Answered

Percent of People with Each Score

Your Score History

You have not taken this quiz since the last reset